Young Presidents - Statistics

General Stats
  • This quiz has been taken 12 times
  • The average score is 7 of 9
Answer Stats
Age Answer % Correct
46 Bill Clinton
100%
43 John F. Kennedy
100%
47 Barack Obama
92%
42 Theodore Roosevelt
92%
46 Ulysses S. Grant
92%
49 James K. Polk
67%
48 Fanklin Pierce
58%
47 Grover Cleveland
58%
49 James A. Garfield
50%
No matching quizzes found
Score Distribution
Percent of People with Each Score
Percentile by Number Answered
Your Score History
You have not taken this quiz